01350cam a2200301 i 45000010008000000030004000080050017000120080041000290100017000700150013000870200026001000400018001260410014001440500022001580820015001801110085001952450327002802600032006073000043006394900048006825000040007306500038007706500042008087000022008507400057008727400068009298300051009972225556OSt20230627111340.0750829s1974 gw a 100 0 eng  a 75512501  aGFR 75-A a3503011498 :cDM36.00 aDLCcDLCdDLC0 aengfreger00aHC79.E5bI59 1974 a333.7bIPC2 aInternational Parliamentary Conference on the Environment,b3d,cNairobi,d1974.10aInternational action, achievements and problems :bproceedings of the Third International Parliamentary Conference on the Environment = Action internationale, réalisation et problèmes = Internationale Massnahmen, ihre Durchführung und Problematik /crapporteur and ed. of the original English text, Stella M. McEwin. a[Berlin] :bSchmidt,c1974. a208, [269] p. :bill. (col.) ;c21 cm.1 aBeiträge zur Umweltgestaltung ; Heft A 29 aText in English, French and German. 0aEnvironmental policyxCongresses. 0aEnvironmental protectionxCongresses.1 aMcEwin, Stella M. aAction internationale, réalisation et problèmes. aInternationale Massnahmen, ihre Durchführung und Problematik. 0aBeiträge zur Umweltgestaltung : A;vHeft 29.